000 00447nam a2200181 a 4500
001 18527
003 CO-ViMGA
008 141112s2004 ck r 000 u spa d
020 _a848063314X
040 _aCO-ViMGA
_bspa
_cCO-ViMGA
082 0 4 _aTORn
100 1 _aTorner, Carles
_926371
245 1 0 _aNoaga y Juana
260 _aBarcelona (España),
_cIntermón,
_c1997
300 _a21.p.
650 1 4 _aCUENTOS INFANTILES
_92743
942 _2ddc
_cBK
999 _c27804
_d27804